000 00689nam a2200229 a 4500
001 70362
003 BD-RjUL
005 20211209082005.0
008 170417s1952 sw a 001 0 eng d
035 _a(BD-RjUL)70576
040 _aDLC
_cCarP
_dBD-RjUL
_beng
041 _aeng
082 _223
_a530.1
_bTOL 1952
100 1 _aTörnebohm, Håkan. [from old catalog]
_9208353
245 0 2 _aA logical analysis of the theory of relativity /
_cHåkan Törnebohm
260 _aStockholm :
_bAlmqvist & Wiksell,
_c1952.
300 _a273 p. :
_c26 cm.
500 _aIncludes Index.
650 _aMathematical physics
_xRelativity (Physics)
_9208354
942 _2ddc
_cBK
999 _c70362
_d70362